Tovaroznalectvo rozličného tovaru pre 2. ročník stredných odborných učilíšť učebný odbor predavač

Bibliographic Details
Main Authors: Vanda, Pavel (Author), Kavina, Josef, 1926- (Author)
Other Authors: Izakovičová, Margita (Translator)
Format: Book
Language:Slovak
PhysicalDescription:151 s. 20 cm
Published: Bratislava Slovenské pedagogické nakladateľstvo 1994
ISBN:8008023481
Edition:4. upr. vyd.
Subjects:

MARC

LEADER 00000nam a2200000 a 4500
001 vtls001076082
003 SK-MaSNL
005 20260302063930.0
008 250414s1994 xo 0 slo
015 |a SNBA1994/09 
020 |a 8008023481 
035 |a SNK000018915 
040 |a SNK  |b slo  |c SNK  |e AACR2 
041 0 |a slo 
044 |a xo  |c SK 
080 |a 66/68(075.3)  |2 1981 
100 1 |a Vanda, Pavel  |4 aut  |9 60641 
245 1 0 |a Tovaroznalectvo rozličného tovaru pre 2. ročník stredných odborných učilíšť učebný odbor predavač  |c Pavel Vanda, Josef Kavina ; Prel. Margita Izakovičová 
250 |a 4. upr. vyd. 
260 |a Bratislava  |b Slovenské pedagogické nakladateľstvo  |c 1994  |e Trnava  |f Polygrafické závody 
300 |a 151 s.  |c 20 cm 
500 |a Ilustr. na front. 
655 7 |a učebnice  |2 SNK  |9 22521 
700 1 |a Kavina, Josef,  |d 1926-  |4 aut  |9 185918 
700 1 |a Izakovičová, Margita  |4 trl  |9 8110 
852 |a Slovenská národná knižnica 
919 |a 80-08-02348-1 
954 |a tovar rozličný  |a tovaroznalectvo 
958 |a TL 
958 |a UC 
958 |a OP 
958 |a CZ 
958 |a NS 
968 |b ČES  |d Z čes. orig. 
999 |c 1134872  |d 1136802 
952 |t P60, <04>, [BOOK], {604}  |a SNK  |b SNK  |y VYP  |7 0  |p 17A0243039  |o snkSC 86469 D1  |0 0  |1 0  |4 0  |d 2000-06-12  |l 0  |r 2004-12-31 00:00:00  |w 2026-02-24